Meistverkaufte Kinderbücher - Statistiken

Allgemein
  • Dieses Quiz wurde 63 mal gespielt
  • Das Durchschnittsergebnis liegt bei 5 aus 21
Antwortstatistiken
Autor/in Veröffentlichung Antwort % Korrekt
Joanne K. Rowling 1997 Harry Potter
97%
John R. R. Tolkien 1937 Der Hobbit oder Hin und zurück
80%
Antoine de Saint-Exupéry 1943 Der kleine Prinz
71%
Michael Ende 1979 Die unendliche Geschichte
58%
Johanna Spyri 1880 Heidis Lehr- und Wanderjahre
37%
Eric Carle 1969 Die kleine Raupe Nimmersatt
27%
Carlo Collodi 1881 Die Abenteuer des Pinocchio
19%
Roald Dahl 1964 Charlie und die Schokoladenfabrik
14%
Jostein Gaarder 1991 Sofies Welt
10%
Kenneth Grahame 1908 Der Wind in den Weiden
8%
Beatrix Potter 1902 Die Geschichte von Peter Hase
8%
Maurice Sendak 1963 Wo die wilden Kerle wohnen
8%
Lucy Maud Montgomery 1908 Anne auf Green Gables
5%
Julia Donaldson 1999 Der Grüffelo
3%
Richard Bach 1970 Die Möwe Jonathan
3%
Sam McBratney 1994 Weißt du eigentlich, wie lieb ich dich hab?
3%
Theodor Seuss Geisel 1957 Der Kater mit Hut
2%
Anna Sewel 1877 Black Beauty
0%
Margaret Wise Brown 1947 Goodnight Moon
0%
Janette Sebring Lowrey 1942 The Poky Little Puppy
0%
Elwyn Brooks White 1952 Wilbur und Charlotte
0%
Keine übereinstimmenden Quizze gefunden
Verteilung der Resultate
Anzahl Personen mit jedem Resultat
Perzentil nach korrekt beantworteten Fragen
Ihre Resultats-Entwicklung
Sie haben dieses Quiz noch nicht gespielt